Arthshastra: marx ke aage (Record no. 501969)

000 -LEADER
fixed length control field 00326cam a22001217a 4500
008 - FIXED-LENGTH DATA ELEMENTS--GENERAL INFORMATION
fixed length control field 180718b1980 xxu||||| |||| 00| 0 eng d
082 ## - DEWEY DECIMAL CLASSIFICATION NUMBER
Classification number H T1 L831
100 ## - MAIN ENTRY--PERSONAL NAME
Personal name Lohia, Rammanohar
245 ## - TITLE STATEMENT
Title Arthshastra: marx ke aage
Statement of responsibility, etc. by Rammanohar Lohia
260 ## - PUBLICATION, DISTRIBUTION, ETC.
Place of publication, distribution, etc. Ilahabad
Name of publisher, distributor, etc. Lok Bharati Prakashan
Date of publication, distribution, etc. 1980
300 ## - PHYSICAL DESCRIPTION
Extent 84p.
500 ## - GENERAL NOTE
General note NA
Holdings
Withdrawn status Lost status Damaged status Not for loan Permanent Location Current Location Date acquired Full call number Barcode Date last seen Price effective from Koha item type
        Indian Institute of Public Administration Indian Institute of Public Administration 2018-08-04 H T1 L831 GR12774 2018-08-04 2018-08-04 GR

Powered by Koha